000 00375nam a2200157Ia 4500
008 230917s9999||||xx |||||||||||||| ||und||
020 _cPON35
040 _e18470
_aMAIN
041 _aEnglish
082 _a519.52 T384T
100 _aThompson, M E
245 0 _aTheory of sample surveys
260 _aLondon
_bChampman and Hall
_c1997
300 _axi,305 p.
942 _cBK
999 _c99692
_d99692